Mbrojtja dhe Ndihma e Viktimave (Record no. 54983)
[ view plain ]
| 000 -LEADER | |
|---|---|
| fixed length control field | 00292nam a22001337a 4500 |
| 008 - FIXED-LENGTH DATA ELEMENTS--GENERAL INFORMATION | |
| fixed length control field | 200204b ||||| |||| 00| 0 eng d |
| 041 ## - LANGUAGE CODE | |
| Language code of text/sound track or separate title | eng |
| 080 ## - UNIVERSAL DECIMAL CLASSIFICATION NUMBER | |
| Universal Decimal Classification number | 043.3 |
| 082 ## - DEWEY DECIMAL CLASSIFICATION NUMBER | |
| Classification number | 043.3 |
| 100 ## - Rafti | |
| Rafti | 0 |
| 101 ## - Shkurtesa | |
| Shkurtesa | BTH |
| 245 ## - TITLE STATEMENT | |
| Title | Mbrojtja dhe Ndihma e Viktimave |
| Statement of responsibility, etc | Imeri,R |
| 942 ## - ADDED ENTRY ELEMENTS (KOHA) | |
| Source of classification or shelving scheme | |
| Item type | Books |
| Withdrawn status | Lost status | Source of classification or shelving scheme | Damaged status | Not for loan | Collection code | Permanent location | Current location | Shelving location | Date acquired | Total Checkouts | Full call number | Barcode | Date last seen | Price effective from | Koha item type |
|---|---|---|---|---|---|---|---|---|---|---|---|---|---|---|---|
| Koleksioni i përgjithshem | UBT - Lipjan | UBT - Lipjan | Disertacionet | 02/04/2020 | 043.3 Imeri,R 2019 JUR | 002-5000578 | 02/04/2020 | 02/04/2020 | Dissertation | ||||||
| Koleksioni i përgjithshem | UBT - Lipjan | UBT - Lipjan | Disertacionet | 02/05/2020 | 043.3 Sopjani,Z 201 JUR | 002-7000224 | 02/05/2020 | 02/05/2020 | Dissertation |